000 00549nam a2200193Ia 4500
005 20230328105005.0
008 230125s9999 xx 000 0 und d
041 _aeng
082 _a330
_bIND
100 _aIndumati
_9115406
245 _aTransfer of Technology and Economic Development
_bWith Particular Reference to India
260 _c1994
_bSouthern Economist Pub.
_aBangalore
300 _a150p
500 _aEconomics
651 _aEconomics
_9180878
700 _aIndumati
_9115406
942 _cBK
999 _c93223
_d93223